000 00517nam a2200157 i 4500
001 90470
003 ES-MaACL
005 20230906180442.0
007 t|
008 050120s1909 uy ||||1| spa d
100 1 _aLegrand, Enrique.
_971294
245 1 0 _aFórmula de Euler
_b: su aplicación a la revolución numérica de problemas de diverso orden, reducidos a sumaciones /
_cEnrique Legrand.
260 _aMontevideo :
_bA. Barreiro y Ramos,
_c1909.
300 _a32 p. ;
_c20 cm.
852 _aES-MaACL
_jT-1197-F-3
999 _c90470
_d90470